Věrní a padlí. Kniha druhá, Odvaha /
Další pokračování fantasy románu anglického autora. Země vyhnanců drancuje válka a král Nathair zničí vše, co mu vstoupí do cesty.
Uloženo v:
| Série: | Věrní a padlí,
část 2 |
|---|---|
| Hlavní autor: | |
| Další autoři: | |
| Médium: | E-kniha |
| Jazyk: | Czech |
| Vydáno: |
Brno :
Host,
2024
|
| Vydání: | První vydání |
| Témata: | |
| Příbuzné jednotky: | Z cyklu::
Věrní a padlí |
| Tagy: |
Žádné tagy |
| LEADER | 02585nam a2200457 i 4500 | ||
|---|---|---|---|
| 001 | 301493 | ||
| 003 | CZ PrSKC | ||
| 005 | 20260430063208.0 | ||
| 007 | ta | ||
| 008 | 240704s2024 xr g 000 f cze | ||
| 015 | |a cnb003614040 | ||
| 020 | |a 9788027520664 |q (vázáno) | ||
| 035 | |a (OCoLC)1451768741 | ||
| 040 | |a ABG001 |b cze |e rda | ||
| 041 | 1 | |a cze |h eng | |
| 072 | 7 | |a 821.111-3 |x Anglická próza, anglicky psaná |2 Konspekt | |
| 080 | |a 821.111-31 |2 MRF | ||
| 080 | |a (0:82-312.9) |2 MRF | ||
| 100 | 1 | |a Gwynne, John, |d 1968- |7 xx0278127 |4 aut | |
| 240 | 1 | 0 | |a Valour. |l Česky |
| 245 | 1 | 0 | |a Věrní a padlí. |n Kniha druhá, |p Odvaha / |c John Gwynne ; přeložil Pavel Černovský |
| 246 | 3 | 0 | |a Odvaha |
| 250 | |a První vydání | ||
| 264 | 1 | |a Brno : |b Host, |c 2024 | |
| 300 | |a 685 stran ; |c 22 cm | ||
| 336 | |a text |b txt |2 rdacontent | ||
| 337 | |a bez média |b n |2 rdamedia | ||
| 338 | |a svazek |b nc |2 rdacarrier | ||
| 500 | |a Přeloženo z angličtiny | ||
| 520 | 2 | |a Další pokračování fantasy románu anglického autora. Země vyhnanců drancuje válka a král Nathair zničí vše, co mu vstoupí do cesty. |b Mladá dívka Cywen, která byla ponechána vlastnímu osudu, musí bojovat o přežití. Veškerá její naděje na únik se stává marnou ve chvíli, kdy si Nathair uvědomí, kým Cywen je. Nehodlá dopustit, aby mu tak cenný úlovek vyklouzl z rukou. Neboť právě Cywen může být klíčem k zabití toho, kdo nejvíc ohrožuje jeho cestu k moci. Válečník Corban mezitím se svou družinou prchá po prohře z domoviny a míří na jediné místo, které jim může poskytnout útočiště. Corban po celou dobu svádí vnitřní boj, aby se stal tím, za kterého jej všichni mají - Jasnou hvězdou a spasitelem Zemí vyhnanců. Nakladatelská anotace. Kráceno. | |
| 655 | 7 | |a anglické romány |7 fd131814 |2 czenas | |
| 655 | 7 | |a fantasy romány |7 fd184199 |2 czenas | |
| 655 | 9 | |a English fiction |2 eczenas | |
| 655 | 9 | |a fantasy novels |2 eczenas | |
| 700 | 1 | |a Černovský, Pavel |7 mzk2008448703 |4 trl | |
| 787 | 0 | 8 | |i Z cyklu: |t Věrní a padlí |g 2 |
| 900 | |a ABA001 |b 20 | ||
| 044 | |a xr | ||
| 910 | |a RBIT002 | ||
| 998 | |d 406892 |a https://core.palmknihy.cz/api/books/406892/cover?sh3tvu |b https://core.palmknihy.cz/api/books/406892/cover/400?sh3tvu |c https://core.palmknihy.cz/api/books/406892/cover/50?sh3tvu |e 2028-02-17 |g 687 |i 9788027520664 |j https://core.palmknihy.cz/api/books/406892/preview.epub |k https://core.palmknihy.cz/api/books/406892/preview.pdf |l |q 49 |r 1 |s https://www.palmknihy.cz/kniha/406892 |t ebook |y 2024 |z 0 |v Věrní a padlí |w 2 | ||
| 999 | |d 301491 | ||